| 000 | 00873nac a22002051u 4500 | ||
|---|---|---|---|
| 020 | _a9780123694652 | ||
| 082 |
_a006.60151257 _bD718 |
||
| 090 |
_c5119 _d5119 |
||
| 100 | _aDorst, Leo | ||
| 245 |
_aGeometric algebra for computer science : _b an object-oriented approach to geometry / _cLeo Dorst, Daniel Fontijne, Stephen Mann |
||
| 260 |
_aAmsterdam : _b Elsevier/Morgan Kaufmann,2007. _c2007 |
||
| 300 |
_axxxv, 626 p. : _bill. ; _c24 cm. |
||
| 504 | _aIncludes bibliographical references and index. | ||
| 650 |
_aComputer graphics _x Mathematics. |
||
| 650 | _aObject-oriented methods (Computer science) | ||
| 700 | _aFontijne, Daniel | ||
| 700 |
_aMann, Stephen, _d1963- |
||
| 942 |
_cBB _k006.60151257 D718 |
||
| 999 |
_c5119 _d5119 |
||